| 000 | 00517nam a2200169 i 4500 | ||
|---|---|---|---|
| 001 | 79528 | ||
| 003 | ES-MaACL | ||
| 005 | 20230906174010.0 | ||
| 007 | t| | ||
| 008 | 041021s1954 mx ||||1| spa d | ||
| 100 | 1 |
_aHerce, Félix. _962672 |
|
| 245 | 1 | 0 |
_aComprimidos humorísticos / _cFélix Herce ; selección y prólogo de Tomás Perrin. |
| 260 |
_aMéxico : _b[s.n.], _c1954 ( _fImp. Modernas) |
||
| 300 |
_a119 p., 1 lám. ; _c20 cm. |
||
| 700 | 1 |
_aPerrin, Tomás. _991367 |
|
| 852 |
_aES-MaACL _jC-10475 _bR.37840 |
||
| 999 |
_c79528 _d79528 |
||